| 000 | 00726nam a2200229 u 4500 | ||
|---|---|---|---|
| 005 | 20240911064307.0 | ||
| 008 | 150602s2013 es r 000 0 spa d | ||
| 020 | _a9786070304996 | ||
| 035 | _aUPN01000203977 | ||
| 049 | _aCG | ||
| 050 | 4 |
_aLB1026 _bD4.2 |
|
| 100 | 1 |
_aDelval Merino, Juan A., _d1941- _934015 |
|
| 245 | 1 | 3 |
_aEl aprendizaje y la enseñanza de las ciencias experimentales y sociales / _cJuan Delval. |
| 260 |
_aMéxico : _bSiglo XXI, _c2013. |
||
| 300 |
_a257 p. : _bil. |
||
| 440 | 0 | _aEducación | |
| 650 | 4 |
_aEducación _xMétodos experimentales _95868 |
|
| 650 | 4 |
_aCiencia _xEstudio y enseñanza _96354 |
|
| 650 | 4 |
_aCiencias sociales _xEstudio y enseñanza _96678 |
|
| 905 | _aLibro | ||
| 999 |
_c176078 _d176078 |
||